<?xml version="1.0" encoding="UTF-8"?>
<record
    xmlns:xsi="http://www.w3.org/2001/XMLSchema-instance"
    xsi:schemaLocation="http://www.loc.gov/MARC21/slim http://www.loc.gov/standards/marcxml/schema/MARC21slim.xsd"
    xmlns="http://www.loc.gov/MARC21/slim">

  <leader>01361nam a22002657a 4500</leader>
  <controlfield tag="008">170325s2016        cr||||| |||| 00| 0 spa d</controlfield>
  <datafield tag="020" ind1=" " ind2=" ">
    <subfield code="a">9789930949887</subfield>
  </datafield>
  <datafield tag="082" ind1="0" ind2="4">
    <subfield code="a">708</subfield>
    <subfield code="b">R696s</subfield>
  </datafield>
  <datafield tag="100" ind1="1" ind2=" ">
    <subfield code="a">Rodr&#xED;guez del Paso, Joaqu&#xED;n.</subfield>
    <subfield code="9">3970</subfield>
  </datafield>
  <datafield tag="245" ind1="1" ind2="0">
    <subfield code="a">Super moderno /</subfield>
    <subfield code="c">Joaqu&#xED;n Rodr&#xED;guez del Paso ; editado por Mar&#xED;a Jos&#xE9; Chavarr&#xED;a ; Museo de Arte y Dise&#xF1;o Contempor&#xE1;neo (MADC).</subfield>
  </datafield>
  <datafield tag="260" ind1=" " ind2=" ">
    <subfield code="a">San Jos&#xE9;, Costa Rica :</subfield>
    <subfield code="b">MADC,</subfield>
    <subfield code="c">2016.</subfield>
  </datafield>
  <datafield tag="300" ind1=" " ind2=" ">
    <subfield code="a">50 p.</subfield>
    <subfield code="b">il.col.</subfield>
  </datafield>
  <datafield tag="500" ind1=" " ind2=" ">
    <subfield code="a">Cat&#xE1;logo publicado con motivo a la exhibici&#xF3;n "Super Moderno: Joaqu&#xED;n Rodr&#xED;guez del Paso", presentada del 27 de noviembre de 2014 al 27 de febrero de 2015, en el Museo de Arte y Dise&#xF1;o Contempor&#xE1;neo (MADC).</subfield>
  </datafield>
  <datafield tag="505" ind1="0" ind2=" ">
    <subfield code="t">"Juan" -El que nada- </subfield>
    <subfield code="r">Fiorella Resenterra.</subfield>
    <subfield code="t">Para ordenar un poco</subfield>
    <subfield code="r">Mar&#xED;a Jos&#xE9; Chavarr&#xED;a.</subfield>
    <subfield code="t">El paisaje como geopol&#xED;tica</subfield>
    <subfield code="r">Esteban Calvo.</subfield>
    <subfield code="t">Variaciones sobre un tema</subfield>
    <subfield code="r">Transcripci&#xF3;n de grabaci&#xF3;n de entrevista entre Jos&#xE9; Pablo Sol&#xED;s, Virginia P&#xE9;rez-Ratton y Edgar Le&#xF3;n.</subfield>
  </datafield>
  <datafield tag="653" ind1="1" ind2="0">
    <subfield code="a">Arte contempor&#xE1;neo</subfield>
  </datafield>
  <datafield tag="653" ind1="1" ind2="0">
    <subfield code="a">Cat&#xE1;logo de exhibici&#xF3;n</subfield>
  </datafield>
  <datafield tag="653" ind1="1" ind2="0">
    <subfield code="a">Exhibiciones</subfield>
  </datafield>
  <datafield tag="653" ind1="1" ind2="0">
    <subfield code="a">Arte - M&#xE9;xico</subfield>
  </datafield>
  <datafield tag="653" ind1="1" ind2="0">
    <subfield code="a">Pintura</subfield>
  </datafield>
  <datafield tag="653" ind1="1" ind2="0">
    <subfield code="a">Instalaci&#xF3;n</subfield>
  </datafield>
  <datafield tag="653" ind1="1" ind2="0">
    <subfield code="a">Arte Centroam&#xE9;ricano</subfield>
  </datafield>
  <datafield tag="653" ind1="1" ind2="0">
    <subfield code="a">Artistas mexicanos</subfield>
  </datafield>
  <datafield tag="700" ind1="1" ind2=" ">
    <subfield code="a">Chavarr&#xED;a, Mar&#xED;a Jos&#xE9;.</subfield>
    <subfield code="e">editora.</subfield>
    <subfield code="9">2428</subfield>
  </datafield>
  <datafield tag="710" ind1="1" ind2=" ">
    <subfield code="a">Museo de Arte y Dise&#xF1;o Contempor&#xE1;neo (MADC).</subfield>
    <subfield code="9">5762</subfield>
  </datafield>
  <datafield tag="999" ind1=" " ind2=" ">
    <subfield code="c">1164</subfield>
    <subfield code="d">1164</subfield>
  </datafield>
  <datafield tag="952" ind1=" " ind2=" ">
    <subfield code="0">0</subfield>
    <subfield code="1">0</subfield>
    <subfield code="2">ddc</subfield>
    <subfield code="4">0</subfield>
    <subfield code="7">0</subfield>
    <subfield code="a">LV</subfield>
    <subfield code="b">LV</subfield>
    <subfield code="c">Monograf&#xED;as</subfield>
    <subfield code="d">2017-03-25</subfield>
    <subfield code="l">1</subfield>
    <subfield code="o">708 R696s</subfield>
    <subfield code="p">004351</subfield>
    <subfield code="r">2018-09-12 00:00:00</subfield>
    <subfield code="s">2018-08-04</subfield>
    <subfield code="w">2017-03-25</subfield>
    <subfield code="y">01</subfield>
  </datafield>
</record>
